120_ Personnalités nées un 30 avril par images - Statistiques

Statistiques générales
  • Ce quiz a été pris 32 fois
  • Le résultat moyen est 2 sur 9
Statistiques - réponses
Par images Hint Réponse % Correct
Journaliste Nicolas Hulot
91%
Réalisateur Jacques Audiard
44%
Rappeur Travis Scott
31%
Réalisatrice Jane Campion
25%
Dirigeant Politique António Guterres
6%
Roi Charles XVI Gustave
0%
Actrice Cloris Leachman
0%
Actrice Jill Claybiurgh
0%
Reine Juliana
0%
Aucun quiz correspondant
Distribution des résultats
% des personnes avec chaque résultat
Percentile par nombre de réponses
Votre historique - résultats
Vous n’avez pas pris ce quiz